[Event "Wch U16"]
[Site "Montevideo"]
[Date "2017.09.25"]
[Round "10"]
[White "Adriano Rivera, Mateo"]
[Black "Reburdo, Rodrigo Hernan"]
[Result "1-0"]
[WhiteElo "1439"]
[BlackElo "1537"]
[PlyCount "49"]
[EventDate "2017.09.17"]
[EventType "swiss"]
[EventRounds "11"]
[EventCountry "URU"]
[SourceTitle "EXT 2018"]
[Source "ChessBase"]
[SourceDate "2017.10.13"]
[SourceVersion "1"]
[SourceVersionDate "2017.10.13"]
[SourceQuality "1"]

1. e4 c5 2. Nf3 d6 3. c3 Nf6 4. h3 e6 5. Bd3 Be7 6. Bc2 Qc7 7. 0-0 0-0 8. d4 cxd4 9. cxd4 b6 10. Nc3 Bb7 11. Bg5 Re8 12. e5 dxe5 13. dxe5 Rd8 14. Qe2 Nd5 15. Nb5 Qd7 16. Nd6 Bc6 17. Rfd1 Bxg5 18. Nxg5 h6 19. Bh7+ Kf8 20. Ngxf7 Ke7 21. Qh5 Rf8 22. Qh4+ g5 23. Nxg5 hxg5 24. Qxg5+ Rf6 25. Rxd5 1-0

[Event "Wch U16"]
[Site "Montevideo"]
[Date "2017.09.23"]
[Round "8"]
[White "Adriano Rivera, Mateo"]
[Black "Perrachon, Marcos"]
[Result "1/2-1/2"]
[WhiteElo "1439"]
[BlackElo "1364"]
[PlyCount "77"]
[EventDate "2017.09.17"]
[EventType "swiss"]
[EventRounds "11"]
[EventCountry "URU"]
[SourceTitle "CBM 180 Extra"]
[Source "ChessBase"]
[SourceDate "2017.10.06"]
[SourceVersion "1"]
[SourceVersionDate "2017.10.06"]
[SourceQuality "1"]

1. e4 e5 2. Nf3 Nc6 3. d4 exd4 4. Nxd4 Bc5 5. Nb3 Be7 6. Nc3 Nf6 7. Be2 0-0 8. 0-0 d6 9. Be3 Be6 10. f4 Qd7 11. f5 Bxb3 12. axb3 a6 13. Bg5 Rad8 14. h3 h6 15. Bh4 Nxe4 16. Bxe7 Qxe7 17. Nxe4 Qxe4 18. Bf3 Qe3+ 19. Kh1 Qc5 20. Qd2 Rb8 21. f6 gxf6 22. Bxc6 bxc6 23. Qxh6 Qg5 24. Qxf6 Qxf6 25. Rxf6 Ra8 26. Ra4 Kg7 27. Rff4 Rae8 28. Rf5 Re5 29. Rxe5 dxe5 30. Rc4 Re8 31. Kg1 Re6 32. Kf2 f6 33. Rg4+ Kf7 34. h4 f5 35. Rg5 Kf6 36. Rg8 c5 37. h5 Kf7 38. Rg5 Kf6 39. Rg6+ 1/2-1/2

[Event "Wch U16"]
[Site "Montevideo"]
[Date "2017.09.22"]
[Round "7"]
[White "Adriano Rivera, Mateo"]
[Black "Sevastjanovs, Roberts"]
[Result "0-1"]
[WhiteElo "1439"]
[BlackElo "1604"]
[PlyCount "56"]
[EventDate "2017.09.17"]
[EventType "swiss"]
[EventRounds "11"]
[EventCountry "URU"]
[SourceTitle "CBM 180 Extra"]
[Source "ChessBase"]
[SourceDate "2017.10.06"]
[SourceVersion "1"]
[SourceVersionDate "2017.10.06"]
[SourceQuality "1"]

1. e4 e5 2. Nf3 Nf6 3. Nc3 Bb4 4. Nxe5 0-0 5. Nd3 Bxc3 6. dxc3 Nxe4 7. c4 Re8 8. Be2 Nc6 9. 0-0 d6 10. Be3 Be6 11. Nf4 Ne5 12. Nxe6 Rxe6 13. f4 Nd7 14. Bg4 Re8 15. b4 Nef6 16. Bxd7 Rxe3 17. Bf5 a5 18. b5 Qe7 19. g4 g6 20. Bd3 d5 21. g5 Qc5 22. Kh1 Nd7 23. f5 dxc4 24. Bxc4 Qxc4 25. Qxd7 Qe4+ 26. Kg1 Qg4+ 27. Kh1 Re2 28. Qd5 Qh3 0-1

[Event "Wch U16"]
[Site "Montevideo"]
[Date "2017.09.17"]
[Round "1"]
[White "Adriano Rivera, Mateo"]
[Black "Sam, Gabriel"]
[Result "0-1"]
[WhiteElo "1439"]
[BlackElo "2100"]
[PlyCount "66"]
[EventDate "2017.09.17"]
[EventType "swiss"]
[EventRounds "11"]
[EventCountry "URU"]
[SourceTitle "CBM 180 Extra"]
[Source "ChessBase"]
[SourceDate "2017.10.06"]
[SourceVersion "1"]
[SourceVersionDate "2017.10.06"]
[SourceQuality "1"]

1. e4 c5 2. Nf3 e6 3. c3 d5 4. exd5 exd5 5. d4 Nf6 6. Be3 Ng4 7. Bf4 Qb6 8. Qc2 Nc6 9. h3 Nf6 10. Be3 cxd4 11. Nxd4 Bc5 12. Bb5 0-0 13. Bxc6 bxc6 14. 0-0 Qc7 15. b4 Bd6 16. Nd2 Ba6 17. Rfe1 c5 18. Nf5 cxb4 19. Qa4 bxc3 20. Qxa6 cxd2 21. Bxd2 Bh2+ 22. Kh1 Ne4 23. Be3 Bf4 24. Rac1 Qe5 25. Bxf4 Nxf2+ 26. Kg1 Qxf5 27. Kxf2 Qxf4+ 28. Kg1 h6 29. Qd3 Rad8 30. Rcd1 Rd6 31. Re7 Qa4 32. Qe2 d4 33. Qe5 Qxd1+ 0-1